Statistics for Měsíce Saturnu

Click here to take the quiz!

General Stats

  • This quiz has been taken 2 times
  • The average score is 6 of 45

Answer Stats

JménoOznačeníRozměr (km)% Correct
TitanVI5149
100%
DioneIV1120
50%
EnceladusII249
50%
HyperionVII143
50%
JapetusVIII1436
50%
MimasI199
50%
PanXVIII25,6
50%
PandoraXVII42
50%
RheaV1528
50%
TethysIII530
50%
AegaenonLIII0,5
0%
AegirXXXVI3
0%
AlbiorixXXVI13
0%
AtlasXV16
0%
BebhionnXXXVII3
0%
Bergelmir(S/2009 S1)0,3
0%
BergelmirXXXVIII3
0%
BestlaXXXIX3
0%
CalypsoXIV10
0%
DaphnisXXXV7
0%
EpimetheusXI59
0%
ErriapoXXVIII4
0%
FarbautiXL3
0%
FenrirXLI2
0%
FornjotXLII3
0%
HatiXLIII3
0%
HeleneXII16
0%
IjiraqXXII5
0%
JanusX89
0%
KiviuqXXIV7
0%
MethoneXXXII3
0%
MundilfariXXV3
0%
NarviXXXI3
0%
PaaliaqXX10
0%
PalleneXXXIII4
0%
PhoebeIX110
0%
PolydeucesXXXIV4
0%
PrometheusXVI50
0%
SiarnaqXXIX16
0%
SkathiXXVII3
0%
SuttungrXXIII3
0%
TarvosXXI7
0%
TelestoXIII11
0%
ThrymrXXX3
0%
YmirXIX8
0%

Score Distribution

Percentile by Number Answered

Percent of People with Each Score

Your Score History

You have not taken this quiz